[Event "I Open Amatori"]
[Site "Arvier ITA"]
[Date "2011.01.08"]
[Round "6"]
[White "Cattaneo, Roger"]
[Black "Riboldi, Raffaele"]
[Result "1-0"]
[WhiteElo "1768"]
[BlackElo "1928"]
[PlyCount "113"]
[EventDate "2011.01.03"]

1. e4 e6 2. Nf3 d5 3. exd5 exd5 4. d4 Nc6 5. Bf4 Bd6 6. Bg3 Nge7 7. Be2 O-O 8.
O-O Bg4 9. c3 Re8 10. Nbd2 Ng6 11. Bd3 Bxg3 12. hxg3 Qd7 13. Qc2 Re7 14. Rfe1
Rae8 15. Rxe7 Rxe7 16. Nf1 Nf8 17. Ne3 Bh5 18. Qb3 Bxf3 19. gxf3 Nd8 20. Qxd5
Qxd5 21. Nxd5 Rd7 22. Bc4 b5 23. Bb3 a5 24. Ne3 Nfe6 25. Bc2 g6 26. a4 b4 27.
Nc4 c5 28. dxc5 Nxc5 29. cxb4 axb4 30. b3 Nde6 31. Rb1 Nd4 32. Bd1 Kf8 33. Nd2
f5 34. Rc1 Nd3 35. Rc8+ Ke7 36. Kf1 Kf6 37. Be2 Nb2 38. Nc4 Nxe2 39. Nxb2 Nd4
40. Rc4 Nxf3 41. Rxb4 Rd2 42. Nc4 Rc2 43. Ne3 Rb2 44. a5 Rxb3 45. Rxb3 Nd2+ 46.
Ke2 Nxb3 47. a6 Nd4+ 48. Kd3 Nc6 49. Kc4 g5 50. Kc5 Na7 51. Kb6 Nc8+ 52. Kc7
Na7 53. Kb7 Nb5 54. Nc4 Ke6 55. Kb6 Nc3 56. a7 Nd5+ 57. Kb7 1-0

[Event "I Open Amatori"]
[Site "Arvier ITA"]
[Date "2011.01.08"]
[Round "6"]
[White "Pierantoni, Mauro"]
[Black "Bosticardo, Tommaso"]
[Result "0-1"]
[WhiteElo "1823"]
[BlackElo "1649"]
[PlyCount "58"]
[EventDate "2011.01.03"]

1. c4 e6 2. d4 d5 3. Nf3 Nf6 4. Bg5 Be7 5. e3 O-O 6. Nc3 h6 7. Bh4 b6 8. Rc1
Bb7 9. a3 c5 10. Bxf6 Bxf6 11. cxd5 exd5 12. dxc5 bxc5 13. Na4 Qa5+ 14. b4 cxb4
15. Rc5 Qd8 16. Qb3 Be7 17. Nd4 Bxc5 18. Nxc5 Qb6 19. Qxb4 Ba6 20. Bxa6 Nxa6
21. Qxb6 axb6 22. Nd7 Rac8 23. Kd2 Rfd8 24. Nxb6 Rb8 25. Nc6 Rxb6 26. Nxd8 Nc5
27. Ke2 Ne4 28. f3 Rb2+ 29. Kd3 Rd2# 0-1

[Event "I Open Amatori"]
[Site "Arvier ITA"]
[Date "2011.01.08"]
[Round "6"]
[White "Aral, Simone"]
[Black "Zerba, Fabio"]
[Result "1-0"]
[WhiteElo "1503"]
[BlackElo "1844"]
[PlyCount "121"]
[EventDate "2011.01.03"]

1. e4 d5 2. exd5 Qxd5 3. Nc3 Qd6 4. d4 Nf6 5. Nf3 Bg4 6. Be2 c6 7. Be3 Nbd7 8.
Qd2 Nb6 9. Bf4 Qd8 10. O-O e6 11. Rad1 Nbd5 12. Nxd5 Nxd5 13. h3 Bf5 14. c3
Nxf4 15. Qxf4 Bd6 16. Qc1 Qc7 17. Bd3 Bg6 18. Bxg6 hxg6 19. Rfe1 O-O-O 20. Ne5
Rh5 21. Nf3 g5 22. Kf1 Rdh8 23. Ne5 Bxe5 24. Rxe5 Qd8 25. Qe3 Kb8 26. Qg3 Ka8
27. Qe3 Qf6 28. Rd3 Rd8 29. Qf3 Qg6 30. Rd1 Rh4 31. Qe3 Rd5 32. Rxd5 cxd5 33.
Qe5 Rh8 34. Qe2 a6 35. Re1 b5 36. a4 Rb8 37. Ra1 Qe4 38. Qxe4 dxe4 39. axb5
Rxb5 40. Rxa6+ Kb7 41. Ra2 f5 42. b4 f4 43. Ke2 g6 44. Ra4 Kc6 45. Ra6+ Kd5 46.
Kd2 Rb7 47. Ra5+ Kc4 48. Rc5+ Kb3 49. Rxg5 Ra7 50. Ra5 Rd7 51. Ra6 Re7 52. b5
Kc4 53. Rb6 e3+ 54. fxe3 fxe3+ 55. Kxe3 Kxc3 56. Ke4 Kc4 57. Ke5 Rd7 58. Rd6
Rb7 59. b6 Kb5 60. Rxe6 g5 61. Kf5 1-0

[Event "I Open Amatori"]
[Site "Arvier ITA"]
[Date "2011.01.08"]
[Round "6"]
[White "Gaglianese, Marco"]
[Black "Fragni, Enrico"]
[Result "1-0"]
[WhiteElo "1697"]
[BlackElo "1753"]
[PlyCount "69"]
[EventDate "2011.01.03"]

1. d4 g6 2. e4 d6 3. Bf4 Bg7 4. Nc3 c6 5. Qd2 Nd7 6. Nf3 e5 7. dxe5 dxe5 8. Bg5
f6 9. Be3 Qc7 10. O-O-O Bf8 11. g3 Bb4 12. a3 Bc5 13. Nh4 Bxe3 14. Qxe3 Nb6 15.
f4 Bd7 16. fxe5 Qxe5 17. Nf3 Qc7 18. e5 O-O-O 19. e6 Be8 20. Bh3 Kb8 21. Rxd8+
Qxd8 22. Rd1 Qc7 23. Qd4 Qe7 24. Ne5 Nh6 25. Nd7+ Kc8 26. Nxb6+ axb6 27. Ne4
Nf5 28. Bxf5 gxf5 29. Nd6+ Kb8 30. Qf4 Ka8 31. Nxf5 Qc5 32. Rd8+ Ka7 33. Qb8+
Ka6 34. Qa8+ Kb5 35. Nd6+ 1-0

[Event "I Open Amatori"]
[Site "Arvier ITA"]
[Date "2011.01.08"]
[Round "6"]
[White "Bogatto, Mario"]
[Black "Piazza, Giacomo"]
[Result "0-1"]
[WhiteElo "1458"]
[BlackElo "1658"]
[PlyCount "100"]
[EventDate "2011.01.03"]

1. c4 g6 2. Nc3 Bg7 3. Nf3 d6 4. d4 Nd7 5. e3 Ngf6 6. Be2 c5 7. O-O O-O 8. d5
a6 9. Bd2 Nb6 10. e4 Bg4 11. b3 e5 12. dxe6 Bxe6 13. Rc1 Re8 14. Bg5 Qd7 15. e5
dxe5 16. Qxd7 Nbxd7 17. Rfd1 e4 18. Ne1 Rad8 19. Rd2 Rc8 20. g3 h6 21. Bf4 Bf5
22. Kg2 Ng4 23. h3 Ngf6 24. Be3 g5 25. g4 Bg6 26. Kg3 Nh7 27. Rxd7 Be5+ 28. Kg2
f5 29. gxf5 Bxf5 30. Rd5 b6 31. Bg4 Bxg4 32. hxg4 Nf6 33. Rdd1 Nxg4 34. Nd5 Rb8
35. f3 Nxe3+ 36. Nxe3 Bd4 37. Nd5 exf3+ 38. Nxf3 Re2+ 39. Kg3 Bf2+ 40. Kg4 Rf8
41. Rd3 Re4+ 42. Kh5 Kg7 43. Rh1 g4 44. Nh4 Re5+ 45. Kxg4 Re4+ 46. Kh3 Rxh4+
47. Kg2 Rg4+ 48. Kh3 Rg5 49. Nc3 Rf4 50. Ne2 Rh4# 0-1

[Event "I Open Amatori"]
[Site "Arvier ITA"]
[Date "2011.01.09"]
[Round "7"]
[White "Ranieri, Fabrizio"]
[Black "Franceschi, Riccardo"]
[Result "1-0"]
[WhiteElo "2279"]
[BlackElo "2090"]
[PlyCount "70"]
[EventDate "2011.01.03"]

1. e4 d5 2. exd5 Qxd5 3. Nf3 Nf6 4. d4 Bg4 5. Be2 e6 6. c4 Qd8 7. O-O Be7 8.
Qb3 b6 9. Nc3 O-O 10. Rd1 c6 11. Bf4 Bd6 12. Bg5 Nbd7 13. h3 Bh5 14. g4 Bg6 15.
Ne5 Qc7 16. Nxg6 hxg6 17. Bf3 Rac8 18. Qa4 a5 19. Rac1 Rfd8 20. Bg2 Bb4 21. a3
Bd6 22. b4 axb4 23. axb4 Nb8 24. d5 Bf4 25. Bxf4 Qxf4 26. dxc6 Rxd1+ 27. Qxd1
Nxc6 28. Ne2 Qb8 29. Qd2 Rd8 30. Qc3 Qd6 31. c5 bxc5 32. bxc5 Qc7 33. Qf3 Nd5
34. Ng3 Qe5 35. Qe2 Qf4 1-0

[Event "I Open Amatori"]
[Site "Arvier ITA"]
[Date "2011.01.09"]
[Round "7"]
[White "Gromovs, Sergejs"]
[Black "Scalfi, Agostino"]
[Result "1-0"]
[WhiteElo "2284"]
[BlackElo "1559"]
[PlyCount "21"]
[EventDate "2011.01.03"]

1. d4 d5 2. c4 Nf6 3. cxd5 Qxd5 4. Nc3 Qd8 5. e4 e6 6. Nf3 Be7 7. Bd3 O-O 8. h4
Nc6 9. e5 Nd5 10. Bxh7+ Kxh7 11. Ng5+ 1-0

[Event "I Open Amatori"]
[Site "Arvier ITA"]
[Date "2011.01.09"]
[Round "7"]
[White "Baloire, Endy"]
[Black "Raineri, Valerio"]
[Result "1-0"]
[WhiteElo "1962"]
[BlackElo "2146"]
[PlyCount "107"]
[EventDate "2011.01.03"]

1. d4 Nf6 2. Bf4 g6 3. e3 Bg7 4. Nf3 d6 5. h3 Nbd7 6. Be2 c6 7. O-O O-O 8. c3
Qe8 9. a4 e5 10. Bh2 Qe7 11. Na3 Ne8 12. a5 f5 13. a6 b6 14. Re1 e4 15. Nd2
Ndf6 16. Qb3+ Be6 17. c4 Nc7 18. Qa4 Bd7 19. Qb4 c5 20. dxc5 dxc5 21. Qb3 Be6
22. Nb5 Nxb5 23. Qxb5 Rad8 24. Rad1 Rd7 25. Nb1 Rfd8 26. Qb3 Rxd1 27. Rxd1
Rxd1+ 28. Qxd1 Nd7 29. Na3 Be5 30. Bxe5 Nxe5 31. b3 Nc6 32. Nb5 Qd7 33. Qxd7
Bxd7 34. f3 Bc8 35. Nc7 Kf8 36. fxe4 fxe4 37. Kf2 Ke7 38. Kg3 Kd8 39. Nd5 Bxa6
40. Kf4 Bb7 41. Kxe4 Ne7 42. Ke5 Nf5 43. e4 Nd4 44. Bd1 Bxd5 45. cxd5 Kd7 46.
b4 Nb5 47. Ba4 a6 48. bxc5 bxc5 49. d6 c4 50. Kd5 c3 51. e5 Kd8 52. e6 h6 53.
Bc2 Na7 54. e7+ 1-0

[Event "I Open Amatori"]
[Site "Arvier ITA"]
[Date "2011.01.09"]
[Round "7"]
[White "Barazzetta, Massimo"]
[Black "Marguerettaz, Davy"]
[Result "0-1"]
[WhiteElo "2022"]
[BlackElo "2155"]
[PlyCount "58"]
[EventDate "2011.01.03"]

1. e4 c5 2. Nc3 e6 3. d3 d5 4. f4 Nf6 5. e5 Nfd7 6. Nf3 Nc6 7. Be2 Be7 8. O-O
O-O 9. Qe1 Rb8 10. a4 a6 11. Qg3 Kh8 12. Bd2 b5 13. axb5 axb5 14. Rae1 b4 15.
Nd1 Nd4 16. Ne3 Ba6 17. Qh3 b3 18. c4 Nxf3+ 19. Rxf3 dxc4 20. Ng4 cxd3 21. Bxd3
Bxd3 22. Rxd3 c4 23. Rf3 Nxe5 24. fxe5 Qxd2 25. Ref1 Qxb2 26. Qh5 Qd4+ 27. Kh1
b2 28. Nf6 Bxf6 29. exf6 b1=Q 0-1

[Event "I Open Amatori"]
[Site "Arvier ITA"]
[Date "2011.01.09"]
[Round "7"]
[White "Bosticardo, Tommaso"]
[Black "Cattaneo, Roger"]
[Result "1/2-1/2"]
[WhiteElo "1649"]
[BlackElo "1768"]
[PlyCount "28"]
[EventDate "2011.01.03"]

1. d4 d5 2. c4 e6 3. Nc3 Nf6 4. cxd5 exd5 5. Bg5 Be7 6. e3 O-O 7. Bd3 c6 8. Qc2
h6 9. Bh4 b5 10. Nge2 Nbd7 11. O-O Nb6 12. f3 Be6 13. e4 dxe4 14. fxe4 Bc4
1/2-1/2

[Event "I Open Amatori"]
[Site "Arvier ITA"]
[Date "2011.01.09"]
[Round "7"]
[White "Yeuillaz, Corrado"]
[Black "Aral, Simone"]
[Result "1-0"]
[WhiteElo "2235"]
[BlackElo "1503"]
[PlyCount "59"]
[EventDate "2011.01.03"]

1. e4 c5 2. d4 e6 3. d5 d6 4. c4 Nf6 5. Nc3 Nbd7 6. Nf3 e5 7. g3 g6 8. Bg2 Bg7
9. O-O O-O 10. a3 b6 11. Ne1 Ne8 12. Nd3 a5 13. Bd2 Bb7 14. Qe2 Ba6 15. Ne1 Qb8
16. Bh3 Qd8 17. Nc2 Nc7 18. Kh1 Qe7 19. Rg1 Kh8 20. Raf1 f6 21. f4 Rad8 22. b3
Bc8 23. Na4 Na8 24. Be6 Nb8 25. f5 g5 26. h4 Bxe6 27. fxe6 h6 28. Ne3 Nc7 29.
Nf5 Qe8 30. e7 1-0

[Event "I Open Amatori"]
[Site "Arvier ITA"]
[Date "2011.01.09"]
[Round "7"]
[White "Riboldi, Raffaele"]
[Black "Serrajotto, Marino"]
[Result "0-1"]
[WhiteElo "1928"]
[BlackElo "1832"]
[PlyCount "52"]
[EventDate "2011.01.03"]

1. d4 d5 2. c4 Bf5 3. Nc3 e6 4. Nf3 Nf6 5. Bg5 Be7 6. e3 Nc6 7. Rc1 O-O 8. Nh4
Be4 9. f3 Bg6 10. Nxg6 hxg6 11. Bd3 Nb4 12. Be2 dxc4 13. Bxc4 Nfd5 14. Bxe7
Qxe7 15. Bxd5 Nxd5 16. e4 Nb6 17. O-O c6 18. Qe2 Rfe8 19. a4 Qb4 20. a5 Qxa5
21. Ra1 Qb4 22. Qf2 a6 23. Rfd1 Rad8 24. e5 Rd7 25. Ne4 Red8 26. Nc5 Qxc5 0-1

[Event "I Open Amatori"]
[Site "Arvier ITA"]
[Date "2011.01.09"]
[Round "7"]
[White "Bellotti, Giuseppe"]
[Black "Belabbas, Abdellah"]
[Result "0-1"]
[WhiteElo "1706"]
[BlackElo "1890"]
[PlyCount "97"]
[EventDate "2011.01.03"]

1. e4 c5 2. Nf3 Nc6 3. d4 cxd4 4. Nxd4 g6 5. Nc3 Bg7 6. Be3 a6 7. Qd2 Qc7 8.
Nd5 Qd6 9. O-O-O Nf6 10. Nxf6+ Qxf6 11. c3 b5 12. f3 Ne5 13. h4 h5 14. Qf2 Bb7
15. Be2 Rc8 16. Nc2 Qe6 17. Kb1 d5 18. Nd4 Qf6 19. exd5 Bxd5 20. Nxb5 Qe6 21.
Nd4 Bxa2+ 22. Ka1 Qd5 23. Nf5 Qa5 24. Nxg7+ Kf8 25. Bb6 Qa4 26. Qd4 Bc4+ 27.
Kb1 Qa2+ 28. Kc1 Qa1+ 29. Kd2 Qxb2+ 30. Ke3 Qxe2+ 31. Kf4 g5+ 32. hxg5 Ng6+ 33.
Kg3 e5 34. Qd6+ Kxg7 35. Qf6+ Kg8 36. Rhe1 h4+ 37. Kh2 Qa2 38. Be3 h3 39. Rd2
hxg2+ 40. Kxg2 Qa4 41. Red1 Qb5 42. Rd8+ Rxd8 43. Rxd8+ Kh7 44. Rxh8+ Nxh8 45.
Kg3 Ng6 46. Qf5 Qd5 47. Qh3+ Kg8 48. f4 exf4+ 49. Bxf4 0-1

[Event "I Open Amatori"]
[Site "Arvier ITA"]
[Date "2011.01.09"]
[Round "7"]
[White "Tedesco, Fernando"]
[Black "Pierantoni, Mauro"]
[Result "0-1"]
[WhiteElo "1700"]
[BlackElo "1823"]
[PlyCount "124"]
[EventDate "2011.01.03"]

1. d4 e6 2. e4 d5 3. e5 c5 4. c3 Nc6 5. Bb5 Qb6 6. Bxc6+ bxc6 7. Ne2 Ba6 8.
dxc5 Bxc5 9. O-O Qb8 10. b4 Bb6 11. Bf4 Ne7 12. Re1 Ng6 13. g3 O-O 14. Nd4 Bxd4
15. Qxd4 Qb6 16. Qxb6 axb6 17. Bd2 Bd3 18. f4 c5 19. a3 Ra4 20. bxc5 bxc5 21.
Bc1 Rb8 22. Nd2 Ne7 23. Re3 Bf5 24. Re1 Nc6 25. Kg2 Na5 26. Re2 Nb3 27. Nxb3
Rxb3 28. Rb2 Rxb2+ 29. Bxb2 d4 30. cxd4 cxd4 31. Rd1 d3 32. Rd2 Kf8 33. Kf2 Ke7
34. Ke3 Kd7 35. Bc1 h5 36. Rb2 Kc6 37. Rb4 Ra5 38. a4 f6 39. exf6 gxf6 40. Bd2
Rd5 41. Rc4+ Kb7 42. a5 e5 43. Rb4+ Ka8 44. Rb6 Rd4 45. fxe5 fxe5 46. Rb4 Rd5
47. Rh4 Bg6 48. Rc4 Kb7 49. Rb4+ Ka8 50. Rb6 Bf5 51. Rf6 Bg4 52. Rb6 e4 53. Rf6
Bf3 54. h3 Rg5 55. g4 hxg4 56. hxg4 Rxg4 57. Rf8+ Kb7 58. Rf7+ Ka6 59. Rf5 Rg2
60. Rf6+ Kb5 61. Rb6+ Kc4 62. Rc6+ Kd5 0-1

[Event "I Open Amatori"]
[Site "Arvier ITA"]
[Date "2011.01.09"]
[Round "7"]
[White "Piazza, Giacomo"]
[Black "Gaglianese, Marco"]
[Result "1-0"]
[WhiteElo "1658"]
[BlackElo "1697"]
[PlyCount "47"]
[EventDate "2011.01.03"]

1. Nf3 d5 2. e3 Bf5 3. c4 e6 4. cxd5 exd5 5. Qb3 Nf6 6. Qxb7 Nbd7 7. Qb3 Bd6 8.
Qa4 O-O 9. d3 Nc5 10. Qd1 Re8 11. Be2 Qd7 12. O-O Qb5 13. Nd4 Qd7 14. b4 Ne6
15. Nxf5 Ng5 16. Nxd6 Qxd6 17. e4 Ngxe4 18. dxe4 Qe5 19. Qb3 Nxe4 20. Bb2 d4
21. Bf3 Re7 22. Bxe4 Qxe4 23. Nd2 Qf4 24. Qf3 1-0